Quizzes
Events
Quiz Creation
Community
Videos
Private Events
Remove Ads
Sign In
Join for FREE
Feedback
Dark Mode
Quiz Categories
Sports
Geography
Music
Movies
Television
Just For Fun
Miscellaneous
History
Literature
Language
Science
Gaming
Entertainment
Religion
Holiday
For Kids
Quiz Lab
Recent
Popular Today
Quiz Kudos Today
Editor Picks
Curator Picks
Quizzes by...
Day
Popularity
Type
Ratings
Length
Year
Community
Subscriptions
Recent Discussions
Orange Saloon
Badges
Playlists
Quests
Create
Leaderboards
Showdown
Live 5
Trivia Bingo
Activity
Puzzle Library
Sporcle Events
Private Events
Virtual Trivia
Globe League
Become a Host
Pub Owners
SporcleCon
Opinionation
Our Games
Videos
Blog
Mobile Apps
Partnerships
Remove Ads and Go Orange
Feedback
History
US Presidents
World Leaders
Politics
Nation
Discovery
War
Decade
Year
Century
Biography
Art
History
US Presidents
World Leaders
Politics
Nation
Discovery
War
Decade
Year
Century
Biography
Art
Random Quiz
Search Sporcle
×
Quiz Lab
Quiz Lab
History
Islam
Select answers by clicking on text or image buttons
Select answers by clicking on text or image buttons
Clickable
Best Score? Go Orange.
Muslim Empires Sporcle Stats
Can you pick the Muslim Empires Sporcle?
By
Teacherjo
20m
29 Questions
292 Plays
292 Plays
292 Plays
Comments
Comments
Give Quiz Kudos
Give Quiz Kudos
-
- Ratings
hide this ad
Forced Order
Answers have to be entered in order
Answers have to be entered in order
Replay
Link that replays current quiz
Next Quiz
Link to next quiz in quiz playlist
You Got
0%
They Got
Avg Score
45%
Avg Friend Score
Upgrade to see
Score Distribution
Jump to the score distribution portion of the page
Score
0/29
Timer
20:00
0
Plays Today
% Correct
Faith and Wealth
81.1%
Sharia
80%
Rajputs
76.7%
Janissaries
75.9%
Ottomans
74.6%
Devshirme
73.3%
Turkey
72.9%
India
71.8%
Taj Mahal
71.5%
Urdu
69.1%
Iran
68.4%
Cannons
67.8%
Mosque of Suleiman
67.8%
Mughals
67%
Shi'ite
67%
% Correct
the Matchlock
66.7%
Safavids
66%
Merit-Based
64.9%
Constantinople
64.6%
earnings
63.3%
Millets
60.5%
Safavids
56.4%
All Three Muslim Empires
53.3%
Suleiman
25.2%
Aurangzeb
24.1%
Akbar
24.1%
Shah Abbas
23%
Irrigation
21.6%
All Three Muslim Empires
18.6%
Quiz Playlist
Details
Report
Send in Message
Add To Playlist
Clickable:
Select answers by clicking on text or image buttons
Forced Order:
Answers have to be entered in order
Last Updated: Feb 16, 2017
Quiz Scoreboard
CHALLENGE
Sign Up to Join the Scoreboard
Show All
Scores
Hide
Comments
May contain spoilers
Recently Published
Billboard Blitz: Fleetwood Mac
by CooCooCachoo
Music
15s
Presidents Visiting Landmarks
by Hejman
History
7m
An Introduction to Baseball
by treessimontrees
Sports
5m
More to Explore
Quiz From the Vault
Featured Blog Post
Where Did the Easter Bunny Come From?
hide this ad
You Might Also Like...
Tags
Clickable Quiz
Islam Quiz
Nation Quiz
Sporcle Quiz
empire
muslim
Today's Top Quizzes in History
Browse History
hide this ad
Today's Top Quizzes in Islam
Browse Islam
Top Contributed Quizzes in History
1
Popular People in 1991
2
Popular People in 1981
3
Popular People in 1951
4
Popular People in 1941
5
Popular People in 1986
6
Popular People in 1976
7
Popular People in 1921
8
I Am Born On March 28th
9
5-to-1: 20th Century Images of War
10
Popular People in 1946
Explore More
Trending Topics
NBA
Crossword
Harry Potter
Anime
Kpop
Disney
Marvel
Puzzle
NFL
The Office
WWE
Song
Pokémon
Soccer
Country
hide this ad
More By:
Teacherjo
Quiz
Plays
Rating
Category
Featured
Created
Italian and Northern Renaissance Review
1,631
3.00
History
Oct 2, 2012
Industrial Revolution
1,531
2.75
History
Mar 7, 2013
Russian Revolution Review
1,412
3.67
History
Mar 21, 2014
French Revolution Review
915
1.00
History
Jan 15, 2013
Reformation Review
880
2.00
History
Oct 18, 2012
Go to Creator's Profile
Score Distribution
Quiz Creator Spotlight
Teacherjo
Follow
Send a Message
Quizzes Created
-
Created Quiz Play Count
-
More By This Creator
Popular Quizzes Today
1
Find the US States - No Outlines Minefield
2
Find the Countries of Europe - No Outlines Minefield
3
The Countries of the World
4
Find the US States
5
US States
6
Risky Map Clicking: Biggest States A-Z
7
Popular People in 1961
8
Movies - When Are They Set?
More History Quizzes
On This Day: August 23rd
Published
Trending Quizzes
Risky Map Clicking: Least Populous States A-Z
1-10 Letter G Words
1-10 Letter F Words
Risky Map Clicking: Next State Alphabetically
Risky Map Clicking: Biggest States A-Z
Recently Updated
Leaping Animals
pecheneg
Reality TV Shows (A-Z)
bhenderson79
Rickey Henderson's Hall of Fame Teammates
pecheneg
Champions League XIs: Arsenal
pecheneg
Quick Pick: Celebrities in WWE's Hall of Fame
aduchscher
A-Z Keypad Blitz II
pecheneg
Multiple Oscar Actors
pecheneg
Mystery Phrase Blitz: Oscar 'Best Actors'
pecheneg
F. Scott Fitzgerald Novels
LTH
Pick 3 Villains
ddd62291
Trending Topics
Disney
Crossword
NBA
Marvel
Kpop
Anime
Harry Potter
Song
Soccer
WWE
Pokémon
The Office
NFL
Puzzle
Country
Your Account Isn't Verified!
In order to create a playlist on Sporcle, you need to verify the email address you used during registration. Go to your
Sporcle Settings
to finish the process.
Report this User
Report this user for behavior that violates our
Community Guidelines
.
Details:
Send Report
Go to the Sporcle.com Mobile Site →
Comments